| 000 | 00895nam a22002891 4500 | ||
|---|---|---|---|
| 001 | 31822 | ||
| 003 | BD-RjUL | ||
| 005 | 20211209051743.0 | ||
| 008 | 140422s1964 onca b 001 0 eng d | ||
| 035 | _a(BD-RjUL) 31910 | ||
| 040 |
_aDLC _cDLC _dDLC _dBD-RjUL _beng |
||
| 041 | _aeng | ||
| 082 | 0 | 0 |
_a152 _bWYH 1964 |
| 100 | 1 |
_aWyburn, G. M. _996868 |
|
| 245 | 1 | 0 |
_aHuman senses and perception / _cby G. M. Wyburn, R. W. Pickford [and] R. J. Hirst. Edited by G. M. Wyburn. |
| 260 |
_aToronto : _bUniversity of Toronto Press , _c1964. |
||
| 300 |
_axii, 340 p. ; _bill. ; _c26 cm. |
||
| 504 | _aIncludes bibliographies. and Index | ||
| 650 | 0 |
_aSenses and sensation. _95252 |
|
| 650 | 0 |
_aPerception. _996869 |
|
| 700 | 1 |
_a Pickford R. W. _996870 |
|
| 700 | 1 |
_aHirst R. J. _996871 |
|
| 700 | 1 |
_aWyburn G. M. _996872 |
|
| 942 |
_2ddc _cBK |
||
| 999 |
_c31822 _d31822 |
||